000 01271cam a2200361 a 4500
001 953056
003 OSt
005 20260216145744.0
008 841123t19851983enk b 000 0 eng
010 _a 84027785
020 _a0877842949 (U.S.) :
_c$4.95
020 _a9780877842941
035 _a953056
040 _aDLC
_cDLC
_dOCoLC
_dDLC
050 0 0 _aBS1315.3
_b.A85 1985
082 0 0 _a222/.35077
_219
100 1 _aAtkinson, David John,
_d1943-
245 1 4 _aThe message of Ruth :
_bthe wings of refuge /
_cDavid Atkinson.
260 _aLeicester [Leicestershire] England ;
_aDowners Grove, Ill., U.S.A. :
_bInter-Varsity Press,
_c[1985] c1983.
300 _a128 p. ;
_c21 cm.
336 _atext
_btxt
_2rdacontent
337 _aunmediated
_bn
_2rdamedia
338 _avolume
_bnc
_2rdacarrier
440 4 _aThe Bible speaks today
500 _aRev. ed. of: The wings of refuge. c1983.
504 _aIncludes bibliographical references.
630 0 0 _aBible.
_pRuth
_xCommentaries.
700 1 _aAtkinson, David John,
_d1943-
_tWings of refuge.
730 0 _aBible.
_pRuth.
_lEnglish.
_sRevised Standard.
_f1985.
906 _a7
_bcbc
_corignew
_d1
_eocip
_f19
_gy-gencatlg
942 _2lcc
_cBK
999 _c21258
_d21257